00375nam a2200145Ia 4500008004100000020002200041082001700063100001500080245005600095250001100151260004200162300000900204365000800213542000800221220603s9999 xx 000 0 und d a978-81-8448-668-1 a610.724bFAI aFain James aReading Understanding and Applying Nursing Research a3rd ed aPhiladelphiabF A Davis Companyc2009 a291p bRs. bBSC